| 000 | 01288nam0a2200361 4500 | ||
|---|---|---|---|
| 001 | RU\NLR\bibl\141496 | ||
| 005 | 20250618044813.0 | ||
| 010 | _a5-17-002182-8 | ||
| 010 |
_a5-271-00554-2 _97000 |
||
| 021 |
_aRU _b2000-52339 _92417 |
||
| 035 | _a(NLR Aleph) 000138623 | ||
| 090 |
_a792969 _c792969 |
||
| 100 | _a20010320d2000 |||y0rusy50 ca | ||
| 101 | 0 | _arus | |
| 102 | _aRU | ||
| 105 | _aa ||||||||| | ||
| 200 | 1 |
_aСеми царей слуга _eИст. роман _fСергей Мосияш |
|
| 210 |
_aМ. _cАСТ _cАстрель _d2000 |
||
| 215 |
_a442, [3] с. _cпортр. _d21 |
||
| 225 | 1 |
_aРусские полководцы _iСалтыков |
|
| 225 | 1 | _aИздательский проект "Россия" | |
| 300 | _aНа обл. только загл. сер. | ||
| 600 | 1 |
_aСалтыков _bП.С. _f1698 - 1772 _gПетр Семенович _xв художественной литературе _92200296 _3RU\NLR\AUTH\661322228 |
|
| 686 | _aЦ4,8(2)243дСалтыков | ||
| 686 | _aШ6(2=Р)75-442 | ||
| 700 | 1 |
_aМосияш _bС. П. _gСергей Павлович _4070 |
|
| 801 | 0 |
_aRU _bNLR _c20010320 _gPSBO |
|
| 801 | 1 |
_aRU _bNLR _c20010320 |
|
| 942 | _cBOOK | ||
| 980 | _aNB | ||